|
|
|
|
| LEADER |
00000nam a22000007a 4500 |
| 005 |
20201104231656.0 |
| 007 |
cr|||| |||| |
| 008 |
201104s2020 es |||||s|||| 00||0 spa d |
| 020 |
|
|
|a 978-84-1377-089-5
|
| 035 |
|
|
|a 32298
|
| 040 |
|
|
|a vLex
|
| 090 |
|
|
|c 10843
|d 10843
|
| 100 |
1 |
|
|a Hierro Hierro, Francisco Javier
|
| 245 |
1 |
3 |
|a Las polt̕icas de empleo en el m̀bito autonm̤ico
|h [Recurso electrn̤ico] :
|b una visin̤ desde Extremadura /
|c Francisco Javier Hierro Hierro
|
| 256 |
|
|
|a Servicio en ln̕ea
|
| 260 |
|
|
|a Madrid:
|b Dykinson,
|c 2020
|
| 300 |
|
|
|a 1 recurso electrn̤ico
|
| 500 |
|
|
|a Ya se realice una fotografa̕ del momento presente, ya se remire el l̀bum histr̤ico, las cifras del desempleo en la Comunidad Autn̤oma de Extremadura muestran de manera machacona que el paro en la regin̤, desgraciadamente, no es coyuntural sino estructural, pudiňdose adjetivar de problema crn̤ico. Las caracters̕ticas de su mercado de trabajo (temporalidad, baja industrializacin̤, dificultades en va̕s de comunicacin̤…) perpeta︢n este marchamo. Ante esta realidad, la presente obra aborda desde distintos frentes las principales polt̕icas de empleo que se desarrollan en la Comunidad Autn̤oma con el fin de invertir la situacin̤. As,̕ en primer lugar y con un cariz abierto, se realiza una aproximacin̤ a estas polt̕icas desde el campo comunitario, pasando por el nacional para aterrizar en el m̀bito autonm̤ico, referenciando las estrategias y los instrumentos que le son propios. De otra parte, el anl̀isis de las medidas impulsoras del emprendimiento implementadas recientemente, con una lectura acompaąda de otros sistemas puestos en marcha en diversas regiones espaǫlas, ocupa su segundo capt̕ulo. Los programas de insercin̤ sociolaboral de personas en situacin̤ de riesgo o exclusin̤ social (CRISOL e ÍTACA) nutren el segundo bloque como acciones netamente extremeąs para revertir los datos existentes de desempleo, con una visin̤ minimalista de las normativas existentes. Al igual que el estudio de los diferentes mecanismos que a lo largo de los aǫs se han seguido para favorecer la ocupacin̤ de los trabajadores en el sector agrario, caminando desde las centenarias bolsas de empleo al todava̕ presente programa de fomento de empleo agrario. En un plano ms̀ amplio la l︢tima parte de la obra se enfrenta a las herramientas que desde el campo de la Seguridad Social acta︢n en favor de la ocupacin̤. As,̕ las actuaciones derivadas de las tan denostadas bonificaciones y reducciones de cotizaciones y las consecuencias propias que de la jubilacin̤ anticipada pueden extraerse en favor del fomento del empleo cierran la presente monografa̕.
|
| 506 |
1 |
|
|a Disponible solo en los productos indicados
|d vLex Global
|d vLex Global (Academic Edition, excluding Law Schools)
|d vLex Global (U.S. Academic Edition, Law Schools)
|d vLex Global (U.S. Academic Edition, excluding Law Schools)
|d vLex Global (Academic Edition, Law Schools)
|
| 650 |
0 |
4 |
|a Derecho Laboral y Seguridad Social
|z Espaą
|
| 650 |
0 |
4 |
|a Derecho Pb︢lico y Administrativo
|z Espaą
|
| 740 |
0 |
|
|a vLex Libros (Servicio en ln̕ea)
|
| 856 |
4 |
0 |
|u http://vlex.com/source/politicas-de-empleo-en-el-ambito-autonomico-una-vision-desde-extremadura-32298
|z Acceso restringido
|
| 942 |
|
|
|c BOOK
|
| 999 |
0 |
|
|a Labor Law and Social Security
|
| 999 |
0 |
|
|a Public and Administrative Law
|